[Event "Romanian-ch Open 2022"]
[Site "Eforie Nord"]
[Date "2022.02.21"]
[Round "2.10"]
[White "Stoleriu, George"]
[Black "Magold, Filip"]
[Result "1-0"]
[WhiteElo "2419"]
[BlackElo "2204"]
[Annotator "ChessBase"]
[PlyCount "167"]
[EventDate "2022.02.20"]
[EventType "swiss"]
[EventCountry "ROU"]
[SourceTitle "playchess.com"]
[Source "ChessBase"]
[SourceQuality "1"]
[TimeControl "40/5400+30:900+30"]

1. Nf3 {[%emt 0:01:39]} Nf6 {[%emt 0:00:18]} 2. c4 {[%emt 0:00:28]} e6 {[%emt 0:00:23]} 3. b3 {[%emt 0:00:08]} c5 {[%emt 0:02:24]} 4. Bb2 {[%emt 0:00:33]} b6 {[%emt 0:00:30]} 5. g3 {[%emt 0:00:27]} Bb7 {[%emt 0:00:12]} 6. Bg2 {[%emt 0:00:06]} Be7 {[%emt 0:00:18]} 7. O-O {[%emt 0:00:07]} O-O {[%emt 0:00:13]} 8. Nc3 {[%emt 0:01:44]} d6 {[%emt 0:00:44]} 9. e3 {[%emt 0:03:06]} Nbd7 {[%emt 0:02:08]} 10. Rc1 {[%emt 0:02:20]} a6 {[%emt 0:04:18]} 11. Qe2 {[%emt 0:03:14]} Re8 {[%emt 0:02:43]} 12. Rfd1 {[%emt 0:03:04]} Qc7 {[%emt 0:01:45]} 13. d4 {[%emt 0:07:59]} Bf8 {[%emt 0:02:10]} 14. Nd2 {[%emt 0:19:51]} Rab8 {[%emt 0:10:42]} 15. Nce4 {[%emt 0:12:40]} Nxe4 {[%emt 0:07:43]} 16. Nxe4 {[%emt 0:01:33]} Bxe4 {[%emt 0:22:17]} 17. Bxe4 {[%emt 0:00:13]} g6 {[%emt 0:00:08]} 18. Bg2 {[%emt 0:03:45]} Bg7 {[%emt 0:03:36]} 19. dxc5 {[%emt 0:01:56]} bxc5 {[%emt 0:00:33]} 20. Bxg7 {[%emt 0:12:53]} Kxg7 {[%emt 0:00:04]} 21. Qd2 {[%emt 0:04:02]} Rb6 {[%emt 0:01:21]} 22. Qa5 {[%emt 0:00:11]} e5 {[%emt 0:03:25]} 23. Rd2 {[%emt 0:06:08]} e4 {[%emt 0:03:02]} 24. Rcd1 {[%emt 0:04:32]} Nf6 {[%emt 0:00:55]} 25. h4 {[%emt 0:04:45]} Re5 {[%emt 0:01:16]} 26. Bh3 {[%emt 0:00:40]} h6 {[%emt 0:03:20]} 27. Rxd6 {[%emt 0:02:08]} Rxd6 {[%emt 0:02:58]} 28. Qxc7 {[%emt 0:00:04]} Rxd1+ {[%emt 0:00:04]} 29. Kg2 {[%emt 0:00:02]} Re8 {[%emt 0:00:15]} 30. Qxc5 {[%emt 0:01:37]} Rd2 {[%emt 0:06:34]} 31. Qa5 {[%emt 0:00:55]} Rc2 {[%emt 0:00:07]} 32. g4 {[%emt 0:01:43]} Nd7 {[%emt 0:04:21]} 33. Qd5 {[%emt 0:00:18]} Ne5 {[%emt 0:00:55]} 34. Qxe4 {[%emt 0:00:20]} Rd2 {[%emt 0:02:52]} 35. g5 {[%emt 0:00:41]} h5 {[%emt 0:02:03]} 36. Qf4 {[%emt 0:01:55]} Nd3 {[%emt 0:00:59]} 37. Qd4+ {[%emt 0:00:34]} Kg8 {[%emt 0:00:10]} 38. Kg1 {[%emt 0:00:32]} Ne5 {[%emt 0:00:51]} 39. Qc3 {[%emt 0:00:32]} Rxa2 {[%emt 0:00:57]} 40. Kg2 {[%emt 0:00:00]} a5 {[%emt 0:00:00]} 41. c5 {[%emt 0:05:48]} a4 {[%emt 0:10:49]} 42. b4 {[%emt 0:01:31]} a3 {[%emt 0:01:28]} 43. c6 {[%emt 0:00:17]} Nxc6 {[%emt 0:00:53]} 44. Bd7 {[%emt 0:05:15]} Rd8 {[%emt 0:05:17]} 45. Bxc6 {[%emt 0:00:09]} Rdd2 {[%emt 0:00:19]} 46. b5 {[%emt 0:00:17]} Rxf2+ {[%emt 0:00:20]} 47. Kg3 {[%emt 0:00:04]} Rfc2 {[%emt 0:02:23]} 48. Qe5 {[%emt 0:00:45]} Rab2 {[%emt 0:01:58]} 49. Bd5 {[%emt 0:01:23]} Rf2 {[%emt 0:00:37]} 50. b6 {[%emt 0:02:39]} Rf5 {[%emt 0:00:41]} 51. Qd6 {[%emt 0:00:55]} Kg7 {[%emt 0:04:52]} 52. b7 {[%emt 0:00:03]} a2 {[%emt 0:01:17]} 53. Qa3 {[%emt 0:00:16]} Rb5 {[%emt 0:00:38]} 54. Qxa2 {[%emt 0:00:20]} Rfxd5 {[%emt 0:00:11]} 55. b8=Q {[%emt 0:00:38]} Rxg5+ {[%emt 0:00:07]} 56. hxg5 {[%emt 0:00:11]} Rxb8 {[%emt 0:00:04]} 57. Qa4 {[%emt 0:00:52]} Rb1 {[%emt 0:00:40]} 58. Qd4+ {[%emt 0:01:19]} Kg8 {[%emt 0:00:11]} 59. Qd8+ {[%emt 0:00:49]} Kg7 {[%emt 0:00:03]} 60. Qf6+ {[%emt 0:00:20]} Kg8 {[%emt 0:00:04]} 61. Kf2 {[%emt 0:00:39]} Rb8 {[%emt 0:02:43]} 62. Qe7 {[%emt 0:00:09]} Ra8 {[%emt 0:00:15]} 63. Qd7 {[%emt 0:00:51]} Kg7 {[%emt 0:00:14]} 64. Qc6 {[%emt 0:00:07]} Ra2+ {[%emt 0:00:35]} 65. Kf3 {[%emt 0:00:05]} Kg8 {[%emt 0:00:18]} 66. Qc8+ {[%emt 0:00:43]} Kg7 {[%emt 0:00:07]} 67. e4 {[%emt 0:00:13]} Ra3+ {[%emt 0:00:19]} 68. Kf4 {[%emt 0:00:11]} Ra4 {[%emt 0:00:16]} 69. Qc6 {[%emt 0:01:17]} Ra2 {[%emt 0:00:52]} 70. Qc4 {[%emt 0:01:22]} Ra8 {[%emt 0:00:49]} 71. Qc6 {[%emt 0:00:05]} Ra2 {[%emt 0:00:02]} 72. Qc3+ {[%emt 0:00:21]} Kg8 {[%emt 0:00:05]} 73. Ke5 {[%emt 0:00:45]} Kg7 {[%emt 0:02:03]} 74. Kd6+ {[%emt 0:00:08]} Kg8 {[%emt 0:00:09]} 75. Qc8+ {[%emt 0:00:40]} Kg7 {[%emt 0:00:05]} 76. Qc4 {[%emt 0:00:21]} Ra8 {[%emt 0:01:37]} 77. Qd4+ {[%emt 0:00:53]} Kg8 {[%emt 0:00:06]} 78. Ke7 {[%emt 0:00:07]} Rc8 {[%emt 0:00:56]} 79. Qd7 {[%emt 0:00:45]} Rb8 {[%emt 0:00:29]} 80. e5 {[%emt 0:00:20]} Kg7 {[%emt 0:00:33]} 81. Qd5 {[%emt 0:00:54]} Rf8 {[%emt 0:00:28]} 82. Qd4 {[%emt 0:00:29]} h4 {[%emt 0:00:32]} 83. e6+ {[%emt 0:00:17]} Kg8 {[%emt 0:00:04]} 84. Qf6 {[%emt 0:00:03]} 1-0

[Event "Romanian-ch Open 2022"]
[Site "Eforie Nord"]
[Date "2022.02.21"]
[Round "2.11"]
[White "Cnejev, Vladimir-Alexandru"]
[Black "Badea, Bela"]
[Result "1/2-1/2"]
[WhiteElo "2179"]
[BlackElo "2413"]
[Annotator "TA"]
[PlyCount "38"]
[EventDate "2022.02.20"]
[EventType "swiss"]
[EventCountry "ROU"]
[SourceTitle "playchess.com"]
[Source "ChessBase"]
[SourceQuality "1"]

{[%evp 19,24,17,19,13,20,10,14]} 1. e4 d6 2. d4 Nf6 3. Nd2 g6 4. Ngf3 Bg7 5. Bd3 O-O 6. O-O Nc6 7. c3 e5 8. dxe5 Nxe5 9. Nxe5 dxe5 10. Nc4 Nh5 $1 {The position is equal. 10...Nh5 is better than 10...Qe7.} 11. g3 {To avoid Nf4. B07: Pirc Defence: Miscellaneous Systems.} Qe7 12. Qe2 Nf6 {[#] An uneventful encounter.} {Predecessor:} 13. Rd1 $146 a5 14. a4 Bg4 15. f3 Bh3 16. Be3 b6 17. Rdb1 Nh5 18. Qc2 f5 19. exf5 gxf5 {½-½ (65) Kovacevic,B (2451)-Tabatabaei,M (2638) Caleta 2020} 1/2-1/2

[Event "Romanian-ch Open 2022"]
[Site "Eforie Nord"]
[Date "2022.02.21"]
[Round "2.12"]
[White "Ciocani, Iosif"]
[Black "Filip, Lucian-Ioan"]
[Result "1/2-1/2"]
[WhiteElo "1876"]
[BlackElo "2391"]
[Annotator "ChessBase"]
[PlyCount "38"]
[EventDate "2022.02.20"]
[EventType "swiss"]
[EventCountry "ROU"]
[SourceTitle "playchess.com"]
[Source "ChessBase"]
[SourceQuality "1"]
[TimeControl "40/5400+30:900+30"]

1. e4 {[%emt 0:00:03]} c5 {[%emt 0:00:50]} 2. Nf3 {[%emt 0:00:06]} Nc6 {[%emt 0:00:05]} 3. d4 {[%emt 0:00:06]} cxd4 {[%emt 0:00:04]} 4. Nxd4 {[%emt 0:00:06]} Qb6 {[%emt 0:00:04]} 5. Nb3 {[%emt 0:00:44]} Nf6 {[%emt 0:00:06]} 6. Nc3 {[%emt 0:01:09]} e6 {[%emt 0:00:06]} 7. Qe2 {[%emt 0:01:03]} Bb4 {[%emt 0:00:31]} 8. Bd2 {[%emt 0:00:52]} O-O {[%emt 0:00:28]} 9. a3 {[%emt 0:01:00]} Be7 {[%emt 0:00:42]} 10. O-O-O {[%emt 0:00:43]} d5 {[%emt 0:00:27]} 11. exd5 {[%emt 0:01:05]} Nxd5 {[%emt 0:00:25]} 12. g3 {[%emt 0:01:15]} Nxc3 {[%emt 0:36:57]} 13. Bxc3 {[%emt 0:00:13]} Rd8 {[%emt 0:00:06]} 14. Bg2 {[%emt 0:15:23]} Bd7 {[%emt 0:04:20]} 15. f4 {[%emt 0:09:39]} Be8 {[%emt 0:03:15]} 16. Be4 {[%emt 0:12:44]} Rxd1+ {[%emt 0:07:50]} 17. Rxd1 {[%emt 0:00:16]} Rd8 {[%emt 0:00:04]} 18. Rf1 {[%emt 0:13:18]} Qc7 {[%emt 0:25:36]} 19. Kb1 {[%emt 0:03:23]} Bf8 {[%emt 0:07:15]} 1/2-1/2

[Event "Romanian-ch Open 2022"]
[Site "Eforie Nord"]
[Date "2022.02.21"]
[Round "2.13"]
[White "Toma, Radu-Cristian"]
[Black "Antal, Hunor-Zoltan"]
[Result "1-0"]
[WhiteElo "2388"]
[BlackElo "2172"]
[Annotator "ChessBase"]
[PlyCount "65"]
[EventDate "2022.02.20"]
[EventType "swiss"]
[EventCountry "ROU"]
[SourceTitle "playchess.com"]
[Source "ChessBase"]
[SourceQuality "1"]
[TimeControl "40/5400+30:900+30"]

1. d4 {[%emt 0:00:24]} Nf6 {[%emt 0:00:07]} 2. Nf3 {[%emt 0:02:06]} e6 {[%emt 0:00:11]} 3. Bg5 {[%emt 0:03:18]} c5 {[%emt 0:01:34]} 4. e3 {[%emt 0:09:50]} b6 {[%emt 0:03:05]} 5. Bd3 {[%emt 0:01:20]} Bb7 {[%emt 0:01:18]} 6. O-O {[%emt 0:01:11]} cxd4 {[%emt 0:00:14]} 7. exd4 {[%emt 0:01:06]} Be7 {[%emt 0:00:28]} 8. Re1 {[%emt 0:03:27]} O-O {[%emt 0:02:12]} 9. Nbd2 {[%emt 0:03:12]} d6 {[%emt 0:01:24]} 10. a4 {[%emt 0:00:17]} a6 {[%emt 0:03:11]} 11. Qe2 {[%emt 0:03:44]} Nbd7 {[%emt 0:02:26]} 12. Nf1 {[%emt 0:01:18]} Re8 {[%emt 0:06:29]} 13. Rad1 {[%emt 0:06:41]} Qc8 {[%emt 0:14:47]} 14. Ne3 {[%emt 0:11:54]} Bc6 {[%emt 0:24:22]} 15. b3 {[%emt 0:07:08]} Qb7 {[%emt 0:03:20]} 16. c4 {[%emt 0:08:31]} Be4 {[%emt 0:09:33]} 17. Bxe4 {[%emt 0:16:38]} Nxe4 {[%emt 0:00:26]} 18. Bxe7 {[%emt 0:00:08]} Nc3 {[%emt 0:04:05]} 19. Qd3 {[%emt 0:00:22]} Nxd1 {[%emt 0:00:06]} 20. Ng5 {[%emt 0:01:47]} g6 {[%emt 0:09:10]} 21. Bxd6 {[%emt 0:00:05]} Nxe3 {[%emt 0:00:21]} 22. Qxe3 {[%emt 0:00:22]} Qc6 {[%emt 0:02:44]} 23. Qf4 {[%emt 0:00:32]} f6 {[%emt 0:00:56]} 24. Nxe6 {[%emt 0:00:24]} Nf8 {[%emt 0:00:46]} 25. Qxf6 {[%emt 0:02:37]} Nxe6 {[%emt 0:00:50]} 26. Be5 {[%emt 0:00:07]} Rf8 {[%emt 0:05:12]} 27. Qh8+ {[%emt 0:00:20]} Kf7 {[%emt 0:00:00]} 28. Qxh7+ {[%emt 0:00:36]} Ke8 {[%emt 0:00:01]} 29. d5 {[%emt 0:02:13]} Qd7 {[%emt 0:00:52]} 30. Qxg6+ {[%emt 0:00:25]} Kd8 {[%emt 0:00:24]} 31. dxe6 {[%emt 0:00:38]} Qd2 {[%emt 0:00:41]} 32. e7+ {[%emt 0:00:10]} Kd7 {[%emt 0:00:09]} 33. exf8=N+ {[%emt 0:00:32]} 1-0

[Event "Romanian-ch Open 2022"]
[Site "Eforie Nord"]
[Date "2022.02.21"]
[Round "2.14"]
[White "Szabo, Gergely-Andras-Gyula"]
[Black "Craciun, Sasha-Matei"]
[Result "1-0"]
[WhiteElo "2524"]
[BlackElo "1871"]
[Annotator "TA"]
[PlyCount "73"]
[EventDate "2022.02.20"]
[EventType "swiss"]
[EventCountry "ROU"]
[SourceTitle "playchess.com"]
[Source "ChessBase"]
[SourceQuality "1"]

{[%evp 12,73,27,29,42,45,27,46,27,36,49,41,50,45,55,45,62,69,56,68,83,91,186,176,180,176,167,153,200,202,191,196,229,232,226,226,226,218,225,195,195,167,259,225,289,288,284,286,319,270,275,268,268,270,311,313,438,422,923,923,904,729,698,123]} 1. d4 d5 2. c4 e6 3. Nc3 Nf6 4. cxd5 exd5 5. Bg5 Bb4 6. e3 O-O 7. Bd3 c5 {D35: Queen's Gambit Declined: Exchange Variation.} 8. Nge2 cxd4 9. Nxd4 Nc6 {White is slightly better.} 10. O-O Bxc3 11. bxc3 Ne5 {[#]} 12. a4 $146 ({Predecessor:} 12. Be2 h6 13. Bh4 Ng6 14. Bxf6 Qxf6 15. Qb3 Rd8 16. Rfd1 Ne5 17. a4 Rb8 18. Rd2 Bg4 19. Bxg4 Nxg4 {½-½ (50) Macieja,B (2606)-Kempinski,R (2613) Warsaw 2008}) 12... Bg4 13. f3 Bh5 14. Be2 {Black must now prevent g4.} h6 15. Bh4 Rc8 {White now steadily converts the win.} 16. Qb3 Qb6 (16... Qe7 $16) 17. Qxb6 $18 axb6 18. Bxf6 gxf6 19. Ra3 Nc4 (19... Bg6 $16 {keeps fighting.} 20. Rd1 Rfd8) 20. Bxc4 Rxc4 21. Rb1 Ra8 22. Rxb6 Raxa4 23. Rxa4 Rxa4 24. Rxb7 {[%mdl 4096] Endgame KRB-KRN} Rc4 25. Rb3 Bg6 26. g4 Ra4 (26... h5 $142 27. gxh5 Bxh5) 27. Kf2 Ra2+ 28. Kg3 Ra1 29. h4 Rc1 30. Ne2 Re1 31. Nf4 Rxe3 32. Nxd5 Re6 33. c4 {[%cal Bc3c4,Bc4c5][%mdl 32] Threatens to win with c5.} Kg7 34. Rc3 {White is clearly winning.} Kf8 (34... Rd6 $142 35. Ne3 Kf8) 35. c5 Rc6 36. h5 Bh7 37. Nxf6 $2 {Weighted Error Value: White=0.07 (flawless) /Black=0.25 (precise)} 1-0

[Event "Romanian-ch Open 2022"]
[Site "Eforie Nord"]
[Date "2022.02.21"]
[Round "2.15"]
[White "Gavrilescu, David"]
[Black "Andronescu, Madalin"]
[Result "1-0"]
[WhiteElo "2512"]
[BlackElo "2122"]
[Annotator "TA"]
[PlyCount "73"]
[EventDate "2022.02.20"]
[EventType "swiss"]
[EventCountry "ROU"]
[SourceTitle "playchess.com"]
[Source "ChessBase"]
[SourceQuality "1"]

{[%evp 9,73,10,9,0,50,27,50,0,0,0,43,36,37,37,45,32,45,39,58,68,62,37,93,77,97,77,85,59,59,29,40,33,44,14,15,0,0,16,13,0,0,0,2,1,0,0,114,116,154,143,138,13,32,35,40,44,54,58,492,38,468,458,29997,-424,29998,29999]} 1. e4 c5 2. Nf3 d6 3. d4 cxd4 4. Qxd4 Nc6 5. Qe3 Nf6 6. Be2 {B53: Sicilian: 2...d6: Lines with Qxd4.} e6 ({Black should try} 6... g6 $11) 7. O-O Be7 8. h3 (8. c4 $14) 8... O-O 9. Rd1 Qc7 (9... d5 $11 {was preferrable.}) 10. c4 $1 $14 Bd7 11. Nc3 a6 12. b3 Rfd8 13. Bb2 {[#]} Na5 $146 ({Predecessor:} 13... Rac8 14. Rac1 Qb8 15. Na4 Be8 16. Nc3 Ne5 17. Ba3 Nxf3+ 18. Bxf3 Qc7 19. e5 dxe5 20. Bxe7 Qxe7 21. Qxe5 {1-0 (37) Shubin,K (2441)-Tsydypov,Z (2558) Chess.com INT 2020}) 14. Rac1 Qc5 15. Qf4 Nh5 (15... h6 $14) 16. Qd2 $1 $16 {[%cal Oc3d5]} Nf6 {Prevents Nd5.} 17. Bd3 $1 {[%cal Oc3d5]} Qh5 {Prevents Nd5.} 18. Ne2 {Hoping for e5.} Nc6 {Inhibits e5.} 19. b4 Ne5 20. Bxe5 dxe5 21. Ng3 (21. Bc2 {looks sharper.} Bc6 22. Qe1 Nd7 23. a3 b6 24. Nc3) 21... Qh6 {aiming for ...Qxd2.} 22. Qxh6 gxh6 23. c5 Ba4 24. Bc2 $36 {[%mdl 2048] White is more active.} Bxc2 {This bishop pair is nice.} 25. Rxd8+ Rxd8 26. Rxc2 Rd1+ 27. Kh2 Rb1 (27... h5 $11 {keeps the balance.}) 28. Nxe5 Rxb4 29. c6 bxc6 30. Rxc6 ({White must play} 30. Nxc6 $16 Rb7 31. Nxe7+ Rxe7 32. e5) 30... Ra4 (30... Nxe4 $2 31. Rc8+ Bf8 32. Nc6 (32. Nd7 Kg7 $18) 32... Nxg3 33. Nxb4 $18 (33. Kxg3 Ra4 $17)) 31. Rc8+ Kg7 32. Nc6 Bc5 33. e5 $1 Ne4 {[%mdl 8192] [#]} ({Better is} 33... Nd5 $14) 34. Nh5+ $1 $18 Kg6 35. g4 {[%cal Rc8g8]} Kg5 {[#]} (35... f5 $18 36. Nf4+ Kf7 37. Nd8+ Ke7) 36. Rg8+ $1 Kh4 37. Nf4 {Weighted Error Value: White=0.09 (flawless) /Black=0.56} 1-0

[Event "Romanian-ch Open 2022"]
[Site "Eforie Nord"]
[Date "2022.02.21"]
[Round "2.16"]
[White "Nevednichy, Vladislav"]
[Black "Vilcu, Matei-Stefan"]
[Result "1-0"]
[WhiteElo "2498"]
[BlackElo "2112"]
[Annotator "TA"]
[PlyCount "91"]
[EventDate "2022.02.20"]
[EventType "swiss"]
[EventCountry "ROU"]
[SourceTitle "playchess.com"]
[Source "ChessBase"]
[SourceQuality "1"]

{[%evp 10,91,8,0,13,-5,5,0,29,27,22,0,20,-12,0,0,8,0,33,33,43,13,23,0,14,18,18,-39,0,0,29,16,35,29,54,19,25,14,24,22,13,16,19,22,21,22,22,21,29,22,39,29,52,41,90,80,150,139,155,170,234,225,275,259,402,402,377,367,454,453,432,390,1200,1212,1579,1554,29967,9355,29985,29986,29986,29987,29986,29987]} 1. c4 e5 2. Nc3 Bb4 3. g3 Bxc3 4. bxc3 d6 5. Bg2 Nc6 6. Rb1 Nge7 {A21: English Opening: 1...e5 2 Nc3.} 7. d3 O-O 8. Nh3 {[#]} f5 $146 {The position is equal.} ({Predecessor:} 8... Bd7 9. f4 Qc8 10. Nf2 Rb8 11. O-O b6 12. Qc2 Kh8 13. Bd2 f6 14. e4 exf4 15. Bxf4 {0-1 (44) Gutierrez Olivares,D (2313)-Lopez Martinez,J (2552) Seville 2017}) 9. f4 Rb8 10. O-O h6 11. c5 Be6 12. cxd6 cxd6 13. c4 Qa5 14. a4 {Prevents b5.} Rfd8 15. Ba3 a6 16. Qe1 {[#] Qxa5 is the strong threat.} Qxa4 17. Ra1 Qb3 {[%cal Oe5e4]} 18. Qf2 ({White should try} 18. fxe5 $11 dxe5 19. Bc5) 18... Qc3 {[%cal Oe5e4]} (18... e4 $5) 19. fxe5 Qxe5 20. Nf4 {[%cal Od3d4] Black must now prevent d4!} Bf7 21. e3 d5 22. d4 (22. Bb2 {looks sharper.} Qd6 23. g4 dxc4 24. gxf5 Nxf5 25. e4) 22... Qf6 23. cxd5 Nxd5 ({Resist} 23... Bxd5 24. Nxd5 Nxd5 25. Rae1 $14) 24. Nxd5 Bxd5 25. Qxf5 Qxf5 26. Rxf5 Bxg2 27. Kxg2 Re8 28. Kf2 Rbd8 29. Bc5 Rd7 30. g4 Nd8 31. h4 Ne6 (31... Nc6 $14 {was preferrable.}) 32. Re5 $16 Nc7 (32... Rc7 $142) 33. Rxe8+ Nxe8 {[%mdl 4096] Endgame KRB-KRN} 34. e4 Nc7 (34... Nf6 {might work better.}) 35. d5 $18 Nb5 36. Ke3 g5 (36... Rc7 {was necessary.}) 37. hxg5 hxg5 38. Rh1 Kg7 39. Bd4+ Kg6 40. Rh8 Nd6 $2 (40... Rd6 41. Rg8+ Kh6) 41. e5 {[%cal Be4e5,Be5e6,Be6e7][%mdl 32]} Nc4+ 42. Kd3 b5 43. e6 Rxd5 44. Rg8+ {White mates.} ({Weaker is} 44. Ke4 Rd6 $18) 44... Kh7 {[#]} 45. e7 $1 {[%mdl 512]} Nd6 46. Rd8 {Weighted Error Value: White=0.09 (flawless) /Black=0.63} 1-0

[Event "Romanian-ch Open 2022"]
[Site "Eforie Nord"]
[Date "2022.02.21"]
[Round "2.17"]
[White "Cosma, Ioan"]
[Black "Serban, Cristian-Stefan"]
[Result "1-0"]
[WhiteElo "2396"]
[BlackElo "2090"]
[Annotator "ChessBase"]
[PlyCount "63"]
[EventDate "2022.02.20"]
[EventType "swiss"]
[EventCountry "ROU"]
[SourceTitle "playchess.com"]
[Source "ChessBase"]
[SourceQuality "1"]
[TimeControl "40/5400+30:900+30"]

1. d4 {[%emt 0:01:17]} d5 {[%emt 0:00:08]} 2. c4 {[%emt 0:00:21]} e6 {[%emt 0:00:03]} 3. Nf3 {[%emt 0:00:17]} c6 {[%emt 0:00:09]} 4. Qc2 {[%emt 0:03:46]} Nf6 {[%emt 0:01:19]} 5. g3 {[%emt 0:00:19]} Nbd7 {[%emt 0:04:51]} 6. Bg2 {[%emt 0:00:39]} Bd6 {[%emt 0:00:46]} 7. O-O {[%emt 0:01:14]} O-O {[%emt 0:00:07]} 8. Nbd2 {[%emt 0:01:41]} Qe7 {[%emt 0:07:37]} 9. Re1 {[%emt 0:05:47]} b6 {[%emt 0:03:44]} 10. e4 {[%emt 0:02:18]} dxe4 {[%emt 0:00:05]} 11. Nxe4 {[%emt 0:03:15]} Nxe4 {[%emt 0:00:13]} 12. Qxe4 {[%emt 0:00:11]} Bb7 {[%emt 0:03:16]} 13. Qc2 {[%emt 0:12:32]} h6 {[%emt 0:03:15]} 14. a3 {[%emt 0:06:36]} Qf6 {[%emt 0:04:34]} 15. Bd2 {[%emt 0:05:23]} c5 {[%emt 0:15:49]} 16. dxc5 {[%emt 0:06:33]} Bxg3 {[%emt 0:08:50]} 17. hxg3 {[%emt 0:08:41]} Bxf3 {[%emt 0:00:13]} 18. Bc3 {[%emt 0:00:31]} e5 {[%emt 0:00:55]} 19. Bxf3 {[%emt 0:04:31]} Qxf3 {[%emt 0:00:26]} 20. cxb6 {[%emt 0:00:28]} axb6 {[%emt 0:02:47]} 21. Rad1 {[%emt 0:03:15]} Rad8 {[%emt 0:15:30]} 22. Rd6 {[%emt 0:08:11]} Nf6 {[%emt 0:03:15]} 23. Qd1 {[%emt 0:02:59]} Qa8 {[%emt 0:02:52]} 24. Bxe5 {[%emt 0:04:55]} Rxd6 {[%emt 0:03:23]} 25. Qxd6 {[%emt 0:00:06]} Rd8 {[%emt 0:03:18]} 26. Qxb6 {[%emt 0:01:16]} Ng4 {[%emt 0:06:33]} 27. Bc3 {[%emt 0:03:23]} Rd3 {[%emt 0:02:04]} 28. Qb5 {[%emt 0:01:33]} Qf3 {[%emt 0:01:25]} 29. Qe8+ {[%emt 0:00:26]} Kh7 {[%emt 0:00:12]} 30. Qe4+ {[%emt 0:00:07]} f5 {[%emt 0:00:03]} 31. Qxf3 {[%emt 0:00:32]} Rxf3 {[%emt 0:00:03]} 32. Re2 {[%emt 0:03:49]} 1-0

[Event "Romanian-ch Open 2022"]
[Site "Eforie Nord"]
[Date "2022.02.21"]
[Round "2.18"]
[White "Secheres, Adrian-Simion"]
[Black "Coicev, Matei-Andrei"]
[Result "1/2-1/2"]
[WhiteElo "2363"]
[BlackElo "1970"]
[Annotator "ChessBase"]
[PlyCount "70"]
[EventDate "2022.02.20"]
[EventType "swiss"]
[EventCountry "ROU"]
[SourceTitle "playchess.com"]
[Source "ChessBase"]
[SourceQuality "1"]
[TimeControl "40/5400+30:900+30"]

1. d4 {[%emt 0:00:05]} Nf6 {[%emt 0:00:16]} 2. c4 {[%emt 0:00:34]} g6 {[%emt 0:00:17]} 3. Nc3 {[%emt 0:00:29]} Bg7 {[%emt 0:00:41]} 4. e4 {[%emt 0:00:28]} d6 {[%emt 0:00:16]} 5. Be2 {[%emt 0:00:52]} O-O {[%emt 0:00:25]} 6. Bg5 {[%emt 0:00:30]} c5 {[%emt 0:01:07]} 7. d5 {[%emt 0:00:21]} e6 {[%emt 0:07:04]} 8. Qd2 {[%emt 0:00:57]} exd5 {[%emt 0:10:50]} 9. exd5 {[%emt 0:00:07]} Re8 {[%emt 0:03:55]} 10. Nf3 {[%emt 0:00:20]} Bg4 {[%emt 0:01:23]} 11. O-O {[%emt 0:00:22]} Nbd7 {[%emt 0:01:10]} 12. Rae1 {[%emt 0:02:54]} Qa5 {[%emt 0:04:57]} 13. Qf4 {[%emt 0:12:40]} Bxf3 {[%emt 0:01:01]} 14. Bxf3 {[%emt 0:03:53]} Rxe1 {[%emt 0:03:52]} 15. Rxe1 {[%emt 0:00:07]} Ne8 {[%emt 0:09:25]} 16. Re7 {[%emt 0:18:25]} Ne5 {[%emt 0:01:12]} 17. Be2 {[%emt 0:01:13]} Qb4 {[%emt 0:04:02]} 18. Ne4 {[%emt 0:10:09]} f5 {[%emt 0:20:24]} 19. Ng3 {[%emt 0:08:12]} Qxb2 {[%emt 0:10:00]} 20. Bf1 {[%emt 0:05:27]} Bf8 {[%emt 0:09:37]} 21. Re6 {[%emt 0:09:24]} Ng7 {[%emt 0:00:28]} 22. Rf6 {[%emt 0:10:56]} Re8 {[%emt 0:03:40]} 23. Bh6 {[%emt 0:05:03]} Ng4 {[%emt 0:00:50]} 24. Rxf8+ {[%emt 0:04:51]} Rxf8 {[%emt 0:00:30]} 25. Bxg7 {[%emt 0:00:38]} Kxg7 {[%emt 0:00:22]} 26. h3 {[%emt 0:00:29]} Qe5 {[%emt 0:01:28]} 27. Qg5 {[%emt 0:01:30]} h6 {[%emt 0:01:23]} 28. Qc1 {[%emt 0:01:11]} Nf6 {[%emt 0:00:26]} 29. Ne2 {[%emt 0:00:09]} Re8 {[%emt 0:00:25]} 30. Nf4 {[%emt 0:00:38]} Ne4 {[%emt 0:01:27]} 31. Ne6+ {[%emt 0:01:27]} Kh7 {[%emt 0:00:11]} 32. Qa3 {[%emt 0:00:58]} Rxe6 {[%emt 0:01:18]} 33. dxe6 {[%emt 0:00:06]} Qxe6 {[%emt 0:00:12]} 34. Qxa7 {[%emt 0:00:10]} Qe7 {[%emt 0:00:11]} 35. a4 {[%emt 0:01:08]} Qd7 {[%emt 0:00:59]} 1/2-1/2

[Event "Romanian-ch Open 2022"]
[Site "Eforie Nord"]
[Date "2022.02.21"]
[Round "2.19"]
[White "Vajda, Albert"]
[Black "Prelipcean, Eric-Matei"]
[Result "1/2-1/2"]
[WhiteElo "2351"]
[BlackElo "1935"]
[Annotator "ChessBase"]
[PlyCount "57"]
[EventDate "2022.02.20"]
[EventType "swiss"]
[EventCountry "ROU"]
[SourceTitle "playchess.com"]
[Source "ChessBase"]
[SourceQuality "1"]
[TimeControl "40/5400+30:900+30"]

1. d4 {[%emt 0:00:04]} Nf6 {[%emt 0:00:10]} 2. Nf3 {[%emt 0:00:11]} g6 {[%emt 0:00:13]} 3. Nc3 {[%emt 0:02:24]} d5 {[%emt 0:01:35]} 4. Bg5 {[%emt 0:01:12]} Bg7 {[%emt 0:00:41]} 5. e3 {[%emt 0:02:14]} O-O {[%emt 0:07:36]} 6. Be2 {[%emt 0:06:51]} Nbd7 {[%emt 0:03:31]} 7. O-O {[%emt 0:01:39]} c6 {[%emt 0:01:07]} 8. h3 {[%emt 0:08:09]} Re8 {[%emt 0:09:59]} 9. Bf4 {[%emt 0:01:19]} h6 {[%emt 0:01:12]} 10. Qc1 {[%emt 0:05:00]} Kh7 {[%emt 0:05:03]} 11. Bh2 {[%emt 0:02:58]} Ne4 {[%emt 0:11:47]} 12. Nxe4 {[%emt 0:03:42]} dxe4 {[%emt 0:01:52]} 13. Nd2 {[%emt 0:00:12]} f5 {[%emt 0:00:07]} 14. a4 {[%emt 0:02:11]} e5 {[%emt 0:01:00]} 15. c3 {[%emt 0:00:34]} exd4 {[%emt 0:02:01]} 16. cxd4 {[%emt 0:00:19]} a5 {[%emt 0:02:36]} 17. Nc4 {[%emt 0:14:13]} Nb6 {[%emt 0:01:01]} 18. Ne5 {[%emt 0:00:13]} Be6 {[%emt 0:00:58]} 19. Kh1 {[%emt 0:03:42]} Nd5 {[%emt 0:04:11]} 20. f3 {[%emt 0:06:04]} Rf8 {[%emt 0:13:21]} 21. Qd2 {[%emt 0:04:21]} Bxe5 {[%emt 0:04:45]} 22. Bxe5 {[%emt 0:01:54]} Qg5 {[%emt 0:00:29]} 23. f4 {[%emt 0:06:11]} Qg3 {[%emt 0:01:31]} 24. Ra3 {[%emt 0:00:09]} Rf7 {[%emt 0:02:02]} 25. Qe1 {[%emt 0:01:02]} Qxe1 {[%emt 0:00:30]} 26. Rxe1 {[%emt 0:00:04]} Rd7 {[%emt 0:01:22]} 27. Kg1 {[%emt 0:01:38]} Kg8 {[%emt 0:00:17]} 28. Kf2 {[%emt 0:00:43]} Kf7 {[%emt 0:00:15]} 29. Rc1 {[%emt 0:06:43]} 1/2-1/2